Business marketing : (Record no. 75921)

MARC details
000 -LEADER
fixed length control field 00576nam a22001937a 4500
005 - DATE AND TIME OF LATEST TRANSACTION
control field 20130612122519.0
010 ## - LCCN (DPL NO)
LC control number ENG-107371
020 ## - INTERNATIONAL STANDARD BOOK NUMBER
International Standard Book Number 9781259026614
Terms of availability 525.00
035 ## - SYSTEM CONTROL NUMBER
System control number EN-90904
037 ## - SOURCE OF ACQUISITION
Source of stock number/acquisition DBAD/PUB
082 ## - DEWEY DECIMAL CLASSIFICATION NUMBER
Classification number 658.8
100 ## - MAIN ENTRY--PERSONAL NAME
Personal name Sarin, Sharad
245 ## - TITLE STATEMENT
Title Business marketing :
Statement of responsibility, etc by Sharad Sarin
Remainder of title concepts and cases /
260 ## - PUBLICATION, DISTRIBUTION, ETC. (IMPRINT)
Place of publication, distribution, etc New Delhi
Name of publisher, distributor, etc Tata Mc Graw Hill
Date of publication, distribution, etc 2013
270 ## - ADDRESS
Address P-24, Green Park Extension
City New Delhi
Postal code 110016
300 ## - PHYSICAL DESCRIPTION
Extent xvi, 654p. :
Other physical details ill.
Dimensions 24cm(pbk)
500 ## - GENERAL NOTE
General note Includes index
942 ## - ADDED ENTRY ELEMENTS (KOHA)
Source of classification or shelving scheme Dewey Decimal Classification
Item type English Books
Call number suffix SAR
Classification part 658.8
Holdings
Withdrawn status Lost status Not for loan Collection code Home library Current library Date acquired Source of acquisition Cost, normal purchase price Full call number Barcode Copy number Cost, replacement price Koha item type
    Not For Loan Non-fiction D.B.Act.Division D.B.Act.Division 22/05/2013 DBAD/PUB 525.00 658.8 SAR EN-90904 1 525.00 English Books

© Delhi Public Library
Hit Counter
free hit counter